introduction to Nigeria Legal System (Record no. 43768)
[ view plain ]
| 003 - CONTROL NUMBER IDENTIFIER | |
|---|---|
| control field | 0199156 |
| 005 - DATE AND TIME OF LATEST TRANSACTION | |
| control field | 20251014215311.0 |
| 008 - FIXED-LENGTH DATA ELEMENTS--GENERAL INFORMATION | |
| fixed length control field | 251014b |||||||| |||| 00| 0 eng d |
| 020 ## - INTERNATIONAL STANDARD BOOK NUMBER | |
| International Standard Book Number | 978-978--984-654-2 |
| 040 ## - CATALOGING SOURCE | |
| Transcribing agency | Nile University of Nigeria , ABUJA. |
| Description conventions | rda |
| 050 ## - LIBRARY OF CONGRESS CALL NUMBER | |
| Classification number | KP 61 .A7 |
| 082 ## - DEWEY DECIMAL CLASSIFICATION NUMBER | |
| Classification number | KP 61 .A7 |
| 100 ## - MAIN ENTRY--PERSONAL NAME | |
| Personal name | Asein O. John |
| Dates associated with a name | 2021 |
| 245 ## - TITLE STATEMENT | |
| Title | introduction to Nigeria Legal System |
| 250 ## - EDITION STATEMENT | |
| Edition statement | Third |
| 260 ## - PUBLICATION, DISTRIBUTION, ETC. (IMPRINT) | |
| Place of publication, distribution, etc | Abuja |
| Name of publisher, distributor, etc | Books and Gavel |
| Date of publication, distribution, etc | 2021 |
| 264 ## - PUBLICATION, DISTRIBUTION, ETC. (IMPRINT) | |
| Place of publication, distribution, etc | Abuja |
| Name of publisher, distributor, etc | Books and Gavel |
| Date of publication, distribution, etc | 2021 |
| 300 ## - PHYSICAL DESCRIPTION | |
| Other physical details | Ixiv, 505 pg., 35 cm |
| 336 ## - CONTENT TYPE | |
| Source | rdacontent |
| 338 ## - CARRIER TYPE | |
| Source | rdacarrier |
| 500 ## - GENERAL NOTE | |
| General note | INCLUDES INDEX |
| 650 ## - SUBJECT ADDED ENTRY--TOPICAL TERM | |
| Topical term or geographic name as entry element | LEGAL SYSTEM |
| 942 ## - ADDED ENTRY ELEMENTS (KOHA) | |
| Source of classification or shelving scheme | Library of Congress Classification |
| Koha item type | Books |
| Withdrawn status | Lost status | Source of classification or shelving scheme | Damaged status | Not for loan | Permanent Location | Current Location | Shelving location | Date acquired | Total Checkouts | Full call number | Barcode | Date last seen | Price effective from | Koha item type |
|---|---|---|---|---|---|---|---|---|---|---|---|---|---|---|
| Library of Congress Classification | Law Library | Law Library | Items on shelf | 10/14/2025 | KP 60 .A7 | 0199156 | 10/14/2025 | 10/14/2025 | Books | |||||
| Library of Congress Classification | Law Library | Law Library | Items on shelf | 10/14/2025 | KP 60 .A7 | 0199157 | 10/14/2025 | 10/14/2025 | Books |